Management in the third wave

Guardat en:
Dades bibliogràfiques
Autor principal: Raymond, H. Alan
Format: Llibre
Idioma:Undetermined
Publicat: Glenview Scott, Foresman and Company 1986
Matèries:
Etiquetes: Afegir etiqueta
Sense etiquetes, Sigues el primer a etiquetar aquest registre!
Thư viện lưu trữ: Trung tâm Học liệu Trường Đại học Cần Thơ
LEADER 00526nam a2200205Ia 4500
001 CTU_85288
008 210402s9999 xx 000 0 und d
082 |a 658 
082 |b R268 
100 |a Raymond, H. Alan 
245 0 |a Management in the third wave 
245 0 |c H. Alan Raymond 
260 |a Glenview 
260 |b Scott, Foresman and Company 
260 |c 1986 
650 |a Management 
650 |x Social history 
650 |y 1945 
904 |i Năm 
980 |a Trung tâm Học liệu Trường Đại học Cần Thơ